Statistics for Actors By Their Last Names

Click here to take the quiz!

General Stats

  • This quiz has been taken 191 times
  • The average score is 23 of 40

Answer Stats

HintAnswer% Correct
NeesonLiam
93%
HardyTom
90%
FoxxJamie
88%
OldmanGary
86%
BaconKevin
82%
BrosnanPierce
82%
BloomOrlando
78%
CleeseJohn
76%
ElbaIdris
73%
DinklagePeter
72%
HackmanGene
71%
RogenSeth
71%
LiottaRay
67%
LaurieHugh
66%
RedmayneEddie
65%
BardemJavier
65%
DafoeWillem
65%
GarfieldAndrew
61%
PeggSimon
60%
FishburneLaurence
56%
GiamattiPaul
55%
DriverAdam
54%
NighyBill
54%
CranstonBryan
52%
SomerhalderIan
51%
RothTim
50%
TakeiGeorge
49%
RockwellSam
49%
NewhartBob
45%
BroadbentJim
42%
KaluuyaDaniel
41%
GadJosh
40%
HunnamCharlie
38%
ElwesCary
34%
ReedusNorman
34%
ArmitageRichard
28%
ButterfieldAsa
26%
AcklesJensen
26%
EdgertonJoel
19%
AliMahershala
16%

Score Distribution

Percentile by Number Answered

Percent of People with Each Score

Your Score History

You have not taken this quiz